Statystyki dla Skocznie w sezonie 2000/2001

Kliknij tutaj aby rozwiązać quiz!

Ogólne statystyki

  • Ten quiz został rozwiązany 15 razy
  • Średni wynik to 15 z 18

Statystyki odpowiedzi

;)Miejscowość% Poprawnych
6Garmisch-Partenkirchen
100%
7Innsbruck
100%
1Kuopio
100%
14Oberstdorf
100%
5Oberstdorf
100%
18Planica
100%
4Engelberg
93%
12Sapporo
93%
16Trondheim
93%
8Bischofshofen
87%
17Oslo
87%
13Willingen
87%
11Hakuba
80%
15Falun
73%
9Harrachov
73%
3Liberec
47%
10Park City
47%
2Ramsau
33%

Rozkład punktacji

Percentyl według liczby udzielonych odpowiedzi

Procent ludzi z każdym wynikiem

Twoja historia wyników

Nie rozwiązałeś tego quizu